Solid state physics and electronics : (Record no. 8304)

MARC details
000 -LEADER
fixed length control field 01441nac a22003131i 4500
003 - CONTROL NUMBER IDENTIFIER
control field EG-ScBUE
005 - DATE AND TIME OF LATEST TRANSACTION
control field 20250526091550.0
008 - FIXED-LENGTH DATA ELEMENTS--GENERAL INFORMATION
fixed length control field 250413r20081997ii a f b 001 0 eng d
020 ## - INTERNATIONAL STANDARD BOOK NUMBER
International Standard Book Number 8121914752
020 ## - INTERNATIONAL STANDARD BOOK NUMBER
International Standard Book Number 9788121914758
040 ## - CATALOGING SOURCE
Original cataloging agency EG-ScBUE
Language of cataloging eng
Description conventions rda
Transcribing agency EG-ScBUE
Modifying agency EG-ScBUE
082 04 - DEWEY DECIMAL CLASSIFICATION NUMBER
Classification number 530.41
Item number PUR
Edition number 22
100 1# - MAIN ENTRY--PERSONAL NAME
Personal name Puri, R. K.,
Relator term author.
245 10 - TITLE STATEMENT
Title Solid state physics and electronics :
Remainder of title for the students of B.Sc. pass and honours courses of all Indian Universities as per UGC model syllabus /
Statement of responsibility, etc R. K. Puri, Ph.D., ex-professor, Department of Physics, Indian Institute of Technology, New Delhi, V. K. Babbar, Ph.D., ex-lecturer, Department of Applied Physics, Guru Nanak Dev University, Amritsar.
250 ## - EDITION STATEMENT
Edition statement Reprinted edition.
264 #1 - PUBLICATION, DISTRIBUTION, ETC. (IMPRINT)
Place of publication, distribution, etc Ram Nagar, New Delhi :
Name of publisher, distributor, etc S. Chand & Company LTD.,
Date of publication, distribution, etc 2008.
300 ## - PHYSICAL DESCRIPTION
Extent xvi, 595 pages :
Other physical details illustrations ;
Dimensions 19 cm.
336 ## - CONTENT TYPE
Source rdacontent
Content type term text
Content type code txt
337 ## - MEDIA TYPE
Media type term unmediated
Source rdamedia
Media type code n
338 ## - CARRIER TYPE
Carrier type term volume
Carrier type code nc
Source rdacarrier
490 0# - SERIES STATEMENT
Series statement S. chand's simplified course series for B.A., B.Sc., and competitive examinations
500 ## - GENERAL NOTE
General note Includes appendix.<br/>
504 ## - BIBLIOGRAPHY, ETC. NOTE
Bibliography, etc Includes bibliographical references and index.<br/>
521 ## - TARGET AUDIENCE NOTE
Target audience note For the students of B.Sc. pass and Honours courses of all Indian universities as per UGC model syllabus.
650 #7 - SUBJECT ADDED ENTRY--TOPICAL TERM
Topical term or geographic name as entry element Solid state physics.
Source of heading or term BUEsh
655 ## - INDEX TERM--GENRE/FORM
Form subdivision Reading book
700 1# - ADDED ENTRY--PERSONAL NAME
Personal name Babbar, V. K.,
Relator term author.
942 ## - ADDED ENTRY ELEMENTS (KOHA)
Koha item type Book - Borrowing
Source of classification or shelving scheme Dewey Decimal Classification
Holdings
Withdrawn status Lost status Source of classification or shelving scheme Damaged status Not for loan Collection code Home library Current library Shelving location Date acquired Source of acquisition Total Checkouts Full call number Barcode Date last seen Date checked out Price effective from Koha item type
    Dewey Decimal Classification     Alahram Central Library Central Library First floor 03/03/2008 Purchase 1 530.41 PUR 000009973 15/07/2025 17/10/2024 03/03/2008 Book - Borrowing